Cultura generale #2 - Statistics

Statistiche generali
  • Questo quiz è stato fatto 82 volte
  • Il punteggio medio è 11 su 20
Statistiche sulle risposte
Domanda Risposta % Corretto
Come si chiamano i denti di fianco agli incisivi? Canini
95%
Con Carlo al trono, l'inno nazionale britannico è "God save the ____". King
85%
Qual è l'ultimo segno zodiacale in ordine alfabetico? Vergine
74%
Robert Bruce Banner è il vero nome di quale supereroe potentissimo? Hulk
72%
Qual è l'elemento neutro della moltiplicazione? 1
69%
Per il proprio nome d'arte Lady Gaga si è ispirata a una canzone di quale gruppo rock britannico? Queen
69%
Quale parte del corpo si tocca ballando il ritornello di "Y.M.C.A."? Spalle
68%
Come si chiama la pianta infestante che, in un modo di dire, si "mette" per creare discordia? Zizzania
66%
Qual è il singolare di "nuraghi", le costruzioni tipiche sarde? Nuraghe
61%
Chi fu il quinto di re di Roma? Tarquinio Prisco
57%
Quale duo musicale canta la hit estiva "Malavita"? Coma_Cose
54%
Come si intitola la canzone "patriottica" di Mino Reitano? Italia
46%
Guglielmo da Baskerville è il protagonista di quale romanzo giallo storico italiano? Il nome della rosa
43%
Qual è il frutto nazionale delle Filippine? Mango
36%
Qual era la professione di Renato Balestra? Stilista
35%
Quale Francesca è stata la prima tennista italiana a vincere il Roland Garros nel 2010? Schiavone
32%
Quale appellativo fu attribuito a Carlo I re dei Franchi dallo storico Eginardo? Magno
31%
Di quale gruppo comico fa parte Gabriele Corsi, l'attuale conduttore di "Don't forget the lyrics! - Stai sul pezzo"? Trio Medusa
27%
Il Passo del Tonale mette in comunicazione la provincia di Brescia con quale altra provincia? Trento
24%
In rumeno, Bobotează è il nome di quale festività? Epifania | Befana
20%
Nessun quiz corrispondente trovato
Distribuzione punteggi
Percentuale di utenti per punteggio
Percentile per numero di risposta
I tuoi punteggi nel tempo
Non hai fatto questo quiz